000 01727cam a2200169 4500500
005 20260111081301.0
041 _afre
042 _adc
100 1 0 _aBidabad, Del Aram
_eauthor
245 0 0 _aPraxis éducatives (Présentation)
260 _c2025.
500 _a22
520 _aLes Maisons Familiales Rurales participent à la formation citoyenne des adolescents par la conjonction de moments formateurs : le temps de stage d’une part et le temps de vie résidentielle d’autre part. L’approche éducative résulte d’une double origine. D’une part celle de la gouvernance associative et de la place prépondérante des familles. D’autre part, celle de la formation des maîtres, appelés moniteurs. Si les valeurs de liberté et de fraternité nourrissent le projet politique dès l’origine, nous verrons comment celui d’égalité se construit dans le processus pédagogique mis en œuvre.
520 _aThe Maisons Familiales Rurales contribute to the civic education of teenagers through a combination of formative moments: on the one hand, the internship and, on the other, residential life. The educational approach has a dual origin. On the one hand, the associative governance and the predominant role of families. Secondly, the training of teachers, known as monitors. While the values of liberty and fraternity nourish the political project from the outset, we will see how the value of equality is built into the pedagogical process.
786 0 _nL’Année de la recherche en sciences de l’éducation | 1 | 1 | 2025-10-31 | p. 163-164 | 1254-6852
856 4 1 _uhttps://shs.cairn.info/revue-l-annee-de-la-recherche-en-sciences-de-leducation-2025-1-page-163?lang=fr&redirect-ssocas=7080
999 _c1616896
_d1616896